Culture Générale - Série 2146 - Statistiques

Statistiques générales
  • Ce quiz a été pris 116 fois
  • Le résultat moyen est 5 sur 10
Statistiques - réponses
Question Réponse % Correct
Quel animal est le "beagle" ? chien
94%
Dans le film "La folie des grandeurs" de Gérard Oury de 1971, qui interpréte "Blaze" le valet de Don Salluste (Louis de Funès) - prénom et nom Yves montand
72%
Aux Etats Unis, quelle est la plus grande ville de l'état de Washington ? voir photo de la tour Space Needle Seattle
65%
Dans la mythologie grecque, quelle est la déesse de la Terre, identifiée comme la déesse mère ? Gaïa
55%
Qui est "Le samourai" (Jeff Costello) dans le film de Jean-Pierre Melville de 1967 ? prénom et nom Alain Delon
54%
Idée, représentation imaginaire suggérée par l'inconscient - 8 lettres commençant par " f " fantasme
51%
Trouver à redire sur des points de détail, des choses insignifiantes : synonymes :chicaner,discuter,pinailler - 7 lettres commençant par " e " ergoter
40%
Aux Etats Unis, quelle est la plus grande ville de l'état de l'Oregon ? Portland
34%
Dans la mythologie grecque, quel est le dieu du Ciel ? Ouranos
28%
Coagulant du lait d'origine animale extrait de la caillette (le quatrième estomac) de jeunes ruminants présure
21%
Aucun quiz correspondant
Distribution des résultats
% des personnes avec chaque résultat
Percentile par nombre de réponses
Votre historique - résultats
Vous n’avez pas pris ce quiz